Impacto das normas internacionais da OIT no direito do trabalho e da seguridade social

Detalles Bibliográficos
Autor principal: Monsalve Cuľlar, Martha Elisa
Otros Autores: Machado Gonȧlves da Silva, Luciana Aboim, Pierdon,̀ Zľia Luiza
Formato: eBook
Lenguaje:portugués
Publicado: San Pablo: LTR, 2018
Materias:
Acceso en línea:Acceso restringido

MARC

LEADER 00000nam a22000007a 4500
005 20180928234650.0
007 cr|||| |||
008 180928s2018 br |||||s|||| 00||0 por d
020 |a 978-85-361-9670-1 
035 |a 21996 
040 |a vLex 
090 |c 8162  |d 8162 
100 1 |a Monsalve Cuľlar, Martha Elisa 
245 1 0 |a Impacto das normas internacionais da OIT no direito do trabalho e da seguridade social  |h [Recurso electrn̤ico] /  |c Martha Elisa Monsalve Cuľlar, Luciana Aboim Machado Gonȧlves da Silva, Zľia Luiza Pierdoǹ 
256 |a Servicio en ln̕ea 
260 |a San Pablo:  |b LTR,  |c 2018 
300 |a 1 recurso electrn̤ico 
506 1 |a Disponible solo en los productos indicados  |d vLex Global  |d vLex Global (Academic Edition, excluding Law Schools)  |d vLex Global (U.S. Academic Edition, Law Schools)  |d vLex Global (U.S. Academic Edition, excluding Law Schools)  |d vLex Global (Academic Edition, Law Schools) 
650 0 4 |a Derecho Laboral y Seguridad Social  |z Brasil 
700 1 |a Machado Gonȧlves da Silva, Luciana Aboim 
700 1 |a Pierdon,̀ Zľia Luiza 
740 0 |a vLex Libros (Servicio en ln̕ea) 
856 4 0 |u http://vlex.com/source/impacto-normas-internacionais-oit-direito-trabalho-seguridade-social-21996  |z Acceso restringido 
942 |c BOOK 
999 0 |a Labor law and social security